| 000 | 00853nam a2200253Ia 4500 | ||
|---|---|---|---|
| 003 | OSt | ||
| 005 | 20220925171730.0 | ||
| 006 | a|||||r|||| 00| 0 | ||
| 007 | ta | ||
| 008 | 220923b |||||||| |||| 00| 0 eng d | ||
| 020 |
_a9781498774338 _c14636.65 |
||
| 037 |
_b173, 22/02/2019, CLASSIC BOOKS SERVICES _cGeneral Book |
||
| 040 |
_aRTL _cRTL _beng |
||
| 041 |
_2eng _aeng |
||
| 082 | _aU18:M95(D:28), Q8 | ||
| 100 |
_aCHANG Ni-bin _9240104 |
||
| 245 | 0 | _aMultisensor data fusion and machine learning for environmental remote sensing. | |
| 260 |
_aBoca Raton _bCRC Press _c2018 |
||
| 300 |
_axix, 508p _ccm. |
||
| 500 | _aBibliography chapterwise | ||
| 700 |
_a BAI Kaixu _9240105 |
||
| 942 |
_hU18:M95(D:28), Q8 _cGB _2CC |
||
| 999 |
_c483307 _d483307 |
||